| 000 | 00386nam a2200157Ia 4500 | ||
|---|---|---|---|
| 008 | 250916s9999 xx 000 0 und d | ||
| 020 | _a978-1-119-85580-4 | ||
| 082 | _a332.4 DAN | ||
| 100 | _aDanial, Kiana | ||
| 245 | 0 | _aCryptocurrency all in one | |
| 250 | _a1st | ||
| 260 |
_aNew York: _bJohn Wiley & Sons, _c2022 |
||
| 300 | _a791 p. | ||
| 600 | _aSocial Sciences | ||
| 942 | _cBK | ||
| 999 |
_c31569 _d31569 |
||